The blinkards : a comedy and the anglo-fanti (Record no. 35541)

MARC details
000 -LEADER
fixed length control field 00435nam a2200181Ia 4500
020 ## - INTERNATIONAL STANDARD BOOK NUMBER
ISBN 9870435927844
050 ## - CALL MARK
Classification number PR 9379.9 .S4 B5/
100 ## - STATEMENT OF RESPONSIBILITY--MAIN AUTHOR NAME
Personal name Sekyi, Kobina
245 #4 - TITLE STATEMENT
Title The blinkards : a comedy and the anglo-fanti
260 ## - PUBLICATION, DISTRIBUTION, ETC. (IMPRINT)
Place of publication London
260 ## - PUBLICATION, DISTRIBUTION, ETC. (IMPRINT)
Name of publisher Heinemann
260 ## - PUBLICATION, DISTRIBUTION, ETC. (IMPRINT)
Year of publication 1997
300 ## - PHYSICAL DESCRIPTION
Number of Pages 256 p
650 ## - SUBJECT ADDED ENTRY--TOPICAL TERM
Topical Term Africa-- Drama
942 ## - ADDED ENTRY ELEMENTS (KOHA)
Koha item type Books
Holdings
Withdrawn status Lost status Source of classification or shelving scheme Damaged status Not for loan Permanent Location Current Location Date acquired Accession Number Price effective from Koha item type
    Library of Congress Classification     NILE UNIVERSITY OF NIGERIA - MAIN LIBRARY NILE UNIVERSITY OF NIGERIA - MAIN LIBRARY 04/23/2025 0005808 04/23/2025 Books